Presumption prevails. (Record no. 60506)

MARC details
000 -LEADER
fixed length control field 00689cam a2200193 4500
001 - CONTROL NUMBER
control field ABS60851
008 - FIXED-LENGTH DATA ELEMENTS--GENERAL INFORMATION
fixed length control field 000000n1999 000 0 eng u
035 ## - SYSTEM CONTROL NUMBER
System control number (Sirsi) u101361
100 ## - MAIN ENTRY--PERSONAL NAME
Personal name Aldridge, T.
245 ## - TITLE STATEMENT
Title Presumption prevails.
260 ## - PUBLICATION, DISTRIBUTION, ETC.
Date of publication, distribution, etc. 1999
490 ## - SERIES STATEMENT
Series statement Solicitors' Journal
Volume/sequential designation 143(24) 18 June 1999, 580(1)
520 ## - SUMMARY, ETC.
Summary, etc. Discusses the case "Alan Wibberley Building Ltd v Insley" which concerned the hedge and ditch presumption, as well as other cases on the same topic such as "Fisher v Winch".
650 ## - SUBJECT ADDED ENTRY--TOPICAL TERM
Topical term or geographic name entry element HEDGE AND DITCH PRESUMPTION
650 ## - SUBJECT ADDED ENTRY--TOPICAL TERM
Topical term or geographic name entry element Boundary disputes
9 (RLIN) 6221
650 ## - SUBJECT ADDED ENTRY--TOPICAL TERM
Topical term or geographic name entry element Boundary disputes
9 (RLIN) 6221
690 ## - LOCAL SUBJECT ADDED ENTRY--TOPICAL TERM (OCLC, RLIN)
Topical term or geographic name as entry element PROPERTY LAW AND PRACTICE
942 ## - ADDED ENTRY ELEMENTS (KOHA)
Suppress in OPAC 0
Holdings
Withdrawn status Lost status Source of classification or shelving scheme Damaged status Not for loan Home library Current library Shelving location Date acquired Total Checkouts Full call number Barcode Date last seen Copy number Price effective from Koha item type
    Dewey Decimal Classification     London London Journal article 04/11/1999   ABS60851 101361-1001 06/08/2019 1 06/08/2019 Journal article